| 000 | 00426nam a2200181Ia 4500 | ||
|---|---|---|---|
| 001 | 10473 | ||
| 005 | 20260306161834.0 | ||
| 008 | 260306t1976||||xx |||||||||||||| ||spa|| | ||
| 041 | _aESP | ||
| 082 |
_a930.1 _bS754 |
||
| 100 |
_aSmith, Jason W. _eAUT |
||
| 245 | 0 | _aFoundations of archaeology | |
| 260 | _c1976 | ||
| 300 |
_axiii, 568 páginas : _c26 cm. |
||
| 650 | _aGEN | ||
| 654 | _aCHU | ||
| 942 |
_cLIB _dJUS _fJUS _2ddc _n |
||
| 999 |
_c10473 _d10473 |
||